| 000 | 00846cab a2200205 4500 | ||
|---|---|---|---|
| 001 | ##L135258 | ||
| 008 | 061009n2006 000 0 eng u | ||
| 035 | _a(Sirsi) u135258 | ||
| 041 | 0 | _aeng | |
| 100 | 1 | _aPowell, Kenneth | |
| 245 | 0 | 0 |
_aBuilding study _bwe don't wear grey suits every day - why should we be stuck with grey buildings? |
| 260 | _c2006 | ||
| 490 | 0 |
_aArchitects' Journal _v224(12) 5 October 2006, 26-39(14) |
|
| 520 | _aReports on the design and architecture of the medium-rise Palestra building in Southwark, South London. Contains architects' drawings, layout plans, building costs, project credits and working details. | ||
| 590 | _aIKA171006 | ||
| 651 | 4 | _aSOUTHWARK | |
| 651 | 4 | _aSOUTH LONDON | |
| 690 | _aBUILT ENVIRONMENT-BUILDING TYPES-ADMINISTRATIVE, COMMERCIAL AND PROTECTIVE SERVICE FACILITIES | ||
| 942 | _n0 | ||
| 999 |
_c77843 _d77843 |
||